<?xml version="1.0" encoding="UTF-8"?>
<record
    xmlns:xsi="http://www.w3.org/2001/XMLSchema-instance"
    xsi:schemaLocation="http://www.loc.gov/MARC21/slim http://www.loc.gov/standards/marcxml/schema/MARC21slim.xsd"
    xmlns="http://www.loc.gov/MARC21/slim">

  <leader>02048nam a22002657a 4500</leader>
  <controlfield tag="005">20240305165608.0</controlfield>
  <controlfield tag="007">hr||||   |||||</controlfield>
  <controlfield tag="008">210618s2019    co |||||s|||| 00||0 spa d</controlfield>
  <datafield tag="020" ind1=" " ind2=" ">
    <subfield code="a">978-958-762-931-6</subfield>
  </datafield>
  <datafield tag="035" ind1=" " ind2=" ">
    <subfield code="a">33438</subfield>
  </datafield>
  <datafield tag="040" ind1=" " ind2=" ">
    <subfield code="a">vLex</subfield>
  </datafield>
  <datafield tag="090" ind1=" " ind2=" ">
    <subfield code="c">11820</subfield>
    <subfield code="d">11820</subfield>
  </datafield>
  <datafield tag="100" ind1="1" ind2=" ">
    <subfield code="a">Paredes Montoya, Jorge Enrique</subfield>
  </datafield>
  <datafield tag="245" ind1="1" ind2="0">
    <subfield code="a">Riesgos qu&#xED;micos</subfield>
    <subfield code="h">[Recurso electr&#xF3;nico] :</subfield>
    <subfield code="b">Condiciones de salud por exposici&#xF3;n a sustancias qu&#xED;micas /</subfield>
    <subfield code="c">Jorge Enrique Paredes Montoya, Juan Carlos Mill&#xE1;n Estupi&#xF1;&#xE1;n</subfield>
  </datafield>
  <datafield tag="256" ind1=" " ind2=" ">
    <subfield code="a">Servicio en l&#xED;nea</subfield>
  </datafield>
  <datafield tag="260" ind1=" " ind2=" ">
    <subfield code="a">Bogot&#xE1;:</subfield>
    <subfield code="b">Ediciones de la U,</subfield>
    <subfield code="c">2019</subfield>
  </datafield>
  <datafield tag="300" ind1=" " ind2=" ">
    <subfield code="a">1 recurso electr&#xF3;nico</subfield>
  </datafield>
  <datafield tag="500" ind1=" " ind2=" ">
    <subfield code="a">En el desarrollo de la actividad laboral que se lleva a cabo en los centros de trabajo (sector formal e informal) se presentan eventos de salud ocupacional (enfermedad laboral, accidente de trabajo, enfermedad general) que afectan a la poblaci&#xF3;n trabajadora. Existen factores de riesgo qu&#xED;mico, f&#xED;sico, biol&#xF3;gico, psicosocial, biomec&#xE1;nico, a los cuales hay que aplicarles medidas de prevenci&#xF3;n, protecci&#xF3;n y saneamiento b&#xE1;sico, pero de todos estos riesgos, el que se estima que suscita mayores peligros es el intercambio con las sustancias qu&#xED;micas. El prop&#xF3;sito fundamental de esta obra es el de presentar los efectos nocivos que sobre la salud, en primera instancia de los trabajadores y luego en la poblaci&#xF3;n en general, por la extracci&#xF3;n, procesamiento y manipulaci&#xF3;n de los elementos por parte del ser humano.</subfield>
  </datafield>
  <datafield tag="506" ind1="1" ind2=" ">
    <subfield code="a">Disponible solo en los productos indicados</subfield>
    <subfield code="d">vLex Global</subfield>
    <subfield code="d">vLex Global (Academic Edition, excluding Law Schools)</subfield>
    <subfield code="d">vLex Global (U.S. Academic Edition, Law Schools)</subfield>
    <subfield code="d">vLex Global (U.S. Academic Edition, excluding Law Schools)</subfield>
    <subfield code="d">vLex Global (Academic Edition, Law Schools)</subfield>
  </datafield>
  <datafield tag="650" ind1="0" ind2="4">
    <subfield code="a">Seguridad y Salud Laboral</subfield>
    <subfield code="z">Colombia</subfield>
  </datafield>
  <datafield tag="700" ind1="1" ind2=" ">
    <subfield code="a">Mill&#xE1;n Estupi&#xF1;&#xE1;n, Juan Carlos</subfield>
  </datafield>
  <datafield tag="740" ind1="0" ind2=" ">
    <subfield code="a">vLex Libros (Servicio en l&#xED;nea)</subfield>
  </datafield>
  <datafield tag="856" ind1="4" ind2="0">
    <subfield code="u">https://vlex.com/source/riesgos-quimicos-condiciones-de-salud-por-exposicion-a-sustancias-quimicas-33438</subfield>
  </datafield>
  <datafield tag="942" ind1=" " ind2=" ">
    <subfield code="c">RAA</subfield>
  </datafield>
  <datafield tag="952" ind1=" " ind2=" ">
    <subfield code="0">0</subfield>
    <subfield code="1">0</subfield>
    <subfield code="4">0</subfield>
    <subfield code="7">0</subfield>
    <subfield code="8">VLEX</subfield>
    <subfield code="9">328009</subfield>
    <subfield code="a">BD-UIN</subfield>
    <subfield code="b">BD-UIN</subfield>
    <subfield code="d">2024-03-05</subfield>
    <subfield code="l">0</subfield>
    <subfield code="p">33438</subfield>
    <subfield code="r">2024-03-05</subfield>
    <subfield code="w">2024-03-05</subfield>
    <subfield code="y">RAA</subfield>
  </datafield>
  <datafield tag="999" ind1=" " ind2=" ">
    <subfield code="c">170056</subfield>
    <subfield code="d">170056</subfield>
  </datafield>
</record>
